000 00418nam a22001697a 4500
005 20160525124241.0
008 160525b xxu||||| |||| 00| 0 eng d
020 _a978-81-8474-003-1
041 _aeng
082 _b4885
100 _aDatey, V.S & others
_91238
245 _aTax & Corporate law hand book
260 _aNew Delhi
_bAcademic Faundation
300 _a9.87
650 _aManagement
_9241
942 _cBK
999 _c1703
_d1702